Food selection and feeding in acridoids (Registro nro. 12602)

Detalles MARC
000 -CABECERA
Campo de control 006920000a22002170004500
090 ## - CLASIFICACIÓN LOCAL
Colección AR
Consecutivo 03552
041 0# - IDIOMA
Código de idioma para texto/pista de sonido o título separado
100 1# - ASIENTO PRINCIPAL--NOMBRE PERSONAL
Nombre personal Gangwere, S. K.
245 10 - MENCION DE TITULO
Título Food selection and feeding in acridoids
Version a review
650 14 - ASIENTO SECUNDARIO DE MATERIA - TERMINO TEMATICO
Término temático o nombre geográfico como elemento de entrada Entomología
650 14 - ASIENTO SECUNDARIO DE MATERIA - TERMINO TEMATICO
Término temático o nombre geográfico como elemento de entrada Selección de comida
650 14 - ASIENTO SECUNDARIO DE MATERIA - TERMINO TEMATICO
Término temático o nombre geográfico como elemento de entrada Hábitat
650 14 - ASIENTO SECUNDARIO DE MATERIA - TERMINO TEMATICO
Término temático o nombre geográfico como elemento de entrada Etología
650 14 - ASIENTO SECUNDARIO DE MATERIA - TERMINO TEMATICO
Término temático o nombre geográfico como elemento de entrada Filogenética
653 ## - TERMINO DE INDIZACION - NO CONTROLADO
-- Melanosoplus
-- Melanosoplus sanguinepus
653 ## - TERMINO DE INDIZACION - NO CONTROLADO
-- Zonocerus
-- Zonocerus variegatus
700 1# - ASIENTO SECUNDARIO - NOMBRE PERSONAL
Nombre personal Muralirangan, M. C.
700 1# - ASIENTO SECUNDARIO - NOMBRE PERSONAL
Nombre personal Muralirangan, Meera
773 1# - Item fuente:
Título Contributions of the American Entomological Institute
Descripción física 5
Paginas del Articulo 1-56
Lugar, editorial y fecha de publicación 1989
Información sobre la relación 25
942 ## - ELEMENTOS ADICIONALES (KOHA)
Tipo de ítem Artículo
Existencias
Withdrawn status Lost status Damaged status No para préstamo Colección Ubicación Permanente Ubicación actual Fecha de adquisición Datos de publicación Seriada Total Checkouts Número topográfico Inventario / Código de Barras Date last seen Price effective from Forma de adquisición Tipo de material
      No para Préstamo Hemeroteca Bogotá Bogotá 27/02/2015 Fuera de circulación   AR 03552 014496 25/03/2015 25/03/2015   Artículo